000 02599cam a2200277 4500500
005 20251228070748.0
041 _afre
042 _adc
100 1 0 _aJerinic, Zorana
_eauthor
700 1 0 _aElidrissi, Djamila
_eauthor
245 0 0 _aCompétence transculturelle et management synergétique : une mise en évidence des liens au sein d’une PME prestataire de services
260 _c2020.
500 _a43
520 _aL’objectif de notre article est de mieux comprendre les interactions des différences culturelles au regard des compétences déployées au sein d’une PME internationale prestataire de services, en mobilisant les concepts de synergie culturelle et de compétence interculturelle. Nous présentons les résultats d’une étude qualitative menée sur une unité d’exploitation d’une PME internationale implantée en France. L’analyse des 25 entretiens menés auprès des dirigeants, salariés et clients de l’unité, nous a permis de faire apparaître un dépassement de la diversité culturelle, dans le sens où elle est internalisée et où la compétence interculturelle facilite le développement de l’activité de l’unité analysée. Cette compétence est liée à l’expérience de l’individu et se veut transculturelle dans le cas du manager de l’unité.
520 _aThe purpose of our article is to better understand the interactions of cultural differences about the competences deployed within an international SME service provider, by mobilizing the concepts of cultural synergy and intercultural competence. We present the results of a qualitative study conducted in a business unit of an international SME located in France. The analysis of the 25 interviews conducted with the managers, employees and customers of the unit, allowed us to bring out an overcoming of cultural diversity. The latter is internalized, and the intercultural competence facilitates the development of the activity of the analyzed business unit. This competence is related to the experience of the individual and is transcultural in the case of the manager of the unit.
690 _acompétence interculturelle
690 _adiversité culturelle
690 _aPME
690 _asynergie culturelle
690 _acultural diversity
690 _acultural synergy
690 _aintercultural competence
690 _aSMEs
786 0 _nVie & sciences de l'entreprise | 209 | 1 | 2020-06-04 | p. 158-181 | 2262-5321
856 4 1 _uhttps://shs.cairn.info/revue-vie-et-sciences-de-l-entreprise-2020-1-page-158?lang=fr&redirect-ssocas=7080
999 _c1593311
_d1593311